Ekonomická analýza podniku

Salvato in:
Dettagli Bibliografici
Autore principale: Bobaľa, Juraj
Ente Autore: Vysoká škola ekonomická v Bratislave. Fakulta ekonomiky a riadenia výrobných odvetví
Altri autori: Líška, Elemír
Natura: Libro
Lingua:slovacco
Pubblicazione: Bratislava VŠE 1991
Edizione:2. dopln. vyd.
Tags: Aggiungi Tag
Nessun Tag, puoi essere il primo ad aggiungerne!!

MARC

LEADER 00000nam a2200000 4500
001 c025044
005 20221214093501.1
041 0 |a slo 
044 |a SK 
245 1 0 |a Ekonomická analýza podniku  |c Juraj Bobaľa, Elemír Líška 
250 |a 2. dopln. vyd. 
264 1 |a Bratislava  |b VŠE  |c 1991 
300 |a 217 s. 
100 1 |a Bobaľa, Juraj 
700 1 |a Líška, Elemír 
710 2 |a Vysoká škola ekonomická v Bratislave. Fakulta ekonomiky a riadenia výrobných odvetví